|
|
|
|
| LEADER |
00000nam a22000005a 4500 |
| 001 |
vtls010282355 |
| 003 |
SK-MaSNL |
| 005 |
20260301031813.0 |
| 008 |
180809s2011 xo g 000 0 slo |
| 015 |
|
|
|a SNBA2011/08-04492
|
| 020 |
|
|
|a 9788097047641
|q (brož.)
|
| 035 |
|
|
|a 91DA9A50-D798-447D-A348-2AC85338027B
|
| 035 |
|
|
|a urn:nbn:sk:snk-amjhzh
|
| 035 |
|
|
|a urn:nbn:sk:snk-am0012y6
|
| 040 |
|
|
|a SNK
|b slo
|c SNK
|e AACR2
|
| 041 |
1 |
|
|a slo
|h grc
|
| 044 |
|
|
|a xo
|c SK
|
| 072 |
|
7 |
|a 2-23/-27
|x Biblia. Biblistika
|2 konspekt
|
| 080 |
|
|
|a 27-247.8
|2 2001
|
| 080 |
|
|
|a 27-232/-236
|2 2001
|
| 080 |
|
|
|a (0:82-9)
|2 2001
|
| 245 |
0 |
0 |
|a Evanjelium podľa Jána
|c [preložené z gréckej predlohy ; prvopreklad: Peter Málik]
|
| 250 |
|
|
|a 1. vyd.
|
| 260 |
|
|
|a Banská Bystrica
|b COM SK
|c 2011
|
| 300 |
|
|
|a 67 s.
|c 18 cm
|
| 500 |
|
|
|a Preklad slovenskej tlačovej misie
|
| 504 |
|
|
|a Slovník pojmov. Pozn.
|
| 630 |
0 |
7 |
|a Biblia
|p Ján
|2 SNKPH
|9 162808
|
| 630 |
0 |
7 |
|a Bible
|p John
|2 SNKPHeng
|9 327930
|
| 650 |
0 |
7 |
|a biblické texty
|2 SNKPH
|9 1917
|
| 650 |
0 |
7 |
|a Biblical texts
|2 SNKPHeng
|9 265584
|
| 655 |
|
7 |
|a texty
|2 SNKPH
|9 70511
|
| 655 |
|
7 |
|a Texts
|2 SNKPHeng
|9 302902
|
| 700 |
1 |
|
|a Málik, Peter,
|d 1986-
|4 trl
|9 133166
|
| 919 |
|
|
|a 978-80-970476-4-1
|
| 958 |
|
|
|a OP
|
| 958 |
|
|
|a NB
|
| 968 |
|
|
|b GR
|d 2
|
| 999 |
|
|
|c 577343
|d 579273
|
| 952 |
|
|
|a SNK
|b SNK
|y PREZ
|7 0
|p 17A0703632
|o snkSD 80240
|i snk2011/12640
|8 0
|0 0
|1 0
|4 0
|d 2011-05-31
|l 0
|r 2025-11-27 00:00:00
|w 2026-02-23
|
| 952 |
|
|
|a SNK
|b SNK
|y VYP
|7 0
|p 17A0703633
|o snkSD 80240 D1
|i snk2011/12642
|8 0
|0 0
|1 0
|4 0
|d 2011-05-31
|f 1
|l 0
|r 2017-06-30 00:00:00
|w 2026-02-23
|